Sport en fonction du sportif - Statistiques

Statistiques générales
  • Ce quiz a été pris 317 fois
  • Le résultat moyen est 12 sur 16
Statistiques - réponses
Par images Réponse % Correct
Foot
100%
Tennis
100%
Basket
99%
Natation
98%
Rugby
97%
Tennis de table
97%
Judo
94%
Handball
92%
Golf
73%
Saut à la perche
70%
Volleyball
68%
100 m
49%
Football américain
37%
Badminton
31%
Cricket
25%
Baseball
22%
Aucun quiz correspondant
Distribution des résultats
% des personnes avec chaque résultat
Percentile par nombre de réponses
Votre historique - résultats
Vous n’avez pas pris ce quiz